Fast-Neutron Spectrometer Based on Neutron-Proton Conversion

Saved in:
Bibliographic Details
Main Author: Fülöp, Marko
Other Authors: Šagátová, Andrea, Benkovský, Ivan, Ragan, Pavol, Gomola, Igor, Foltínová, Ľubica, 1975-, Kotorová, Soňa
Format: Book Chapter
Language:English
Subjects:
Tags: Add Tag
No Tags, Be the first to tag this record!

MARC

LEADER 00000naa$a2200000$$$4500
001 0314116
005 20260116114717.1
041 0 |a eng 
044 |a PL 
245 1 0 |a Fast-Neutron Spectrometer Based on Neutron-Proton Conversion  |c Marko Fülöp, Andrea Šagátová, Ivan Benkovský, Pavol Ragan, Igor Gomola, Ľubica Foltínová, Soňa Kotorová 
610 2 0 |a fyzika 
610 2 0 |a energetika 
610 2 0 |a elektrotechnika 
100 1 |a Fülöp, Marko 
700 1 |a Šagátová, Andrea 
700 1 |a Benkovský, Ivan 
700 1 |a Ragan, Pavol 
700 1 |a Gomola, Igor 
700 1 |a Foltínová, Ľubica, 1975- 
700 1 |a Kotorová, Soňa